Detalles MARC
| 000 -LEADER |
| fixed length control field |
04128nam a2200433Ii 4500 |
| 001 - CONTROL NUMBER |
| control field |
DIGANT0343 |
| 003 - CONTROL NUMBER IDENTIFIER |
| control field |
NyNyDIG |
| 008 - FIXED-LENGTH DATA ELEMENTS--GENERAL INFORMATION |
| fixed length control field |
140704s2013 sp ob 000 0 spa d |
| 006 - FIXED-LENGTH DATA ELEMENTS--ADDITIONAL MATERIAL CHARACTERISTICS |
| fixed length control field |
m o d |
| 007 - PHYSICAL DESCRIPTION FIXED FIELD--GENERAL INFORMATION |
| fixed length control field |
cr ||||||||||| |
| 020 ## - INTERNATIONAL STANDARD BOOK NUMBER |
| Canceled/invalid ISBN |
9788415260646 |
| 020 ## - INTERNATIONAL STANDARD BOOK NUMBER |
| Canceled/invalid ISBN |
8415260644 |
| 035 ## - SYSTEM CONTROL NUMBER |
| System control number |
(OCoLC)890679387 |
| 040 ## - CATALOGING SOURCE |
| Original cataloging agency |
DGITA |
| Language of cataloging |
eng |
| Description conventions |
rda |
| -- |
pn |
| Transcribing agency |
DGITA |
| 050 14 - LIBRARY OF CONGRESS CALL NUMBER |
| Classification number |
BD315 eBook |
| 245 00 - TITLE STATEMENT |
| Title |
Claves de la existencia : |
| Remainder of title |
el sentido plural de la vida humana / |
| Statement of responsibility, etc. |
Andrés Ortiz-Osés, Blanca Solares, Luis Garagalza (eds.). |
| 250 ## - EDITION STATEMENT |
| Edition statement |
Primera edición. |
| 264 #1 - PRODUCTION, PUBLICATION, DISTRIBUTION, MANUFACTURE, AND COPYRIGHT NOTICE |
| Place of production, publication, distribution, manufacture |
Barcelona : |
| Name of producer, publisher, distributor, manufacturer |
Anthropos Editorial del hombre ; |
| Place of production, publication, distribution, manufacture |
México, D.F. : |
| Name of producer, publisher, distributor, manufacturer |
Universidad Nacional Autónoma de México, |
| Date of production, publication, distribution, manufacture, or copyright notice |
2013. |
| 300 ## - PHYSICAL DESCRIPTION |
| Extent |
1 online resource (574 pages). |
| 336 ## - CONTENT TYPE |
| Content type term |
text |
| Content type code |
txt |
| Source |
rdacontent |
| 337 ## - MEDIA TYPE |
| Media type term |
computer |
| Media type code |
c |
| Source |
rdamedia |
| 338 ## - CARRIER TYPE |
| Carrier type term |
online resource |
| Carrier type code |
cr |
| Source |
rdacarrier |
| 490 1# - SERIES STATEMENT |
| Series statement |
Obras generales |
| 504 ## - BIBLIOGRAPHY, ETC. NOTE |
| Bibliography, etc. note |
Includes bibliographical references. |
| 505 0# - FORMATTED CONTENTS NOTE |
| Formatted contents note |
Presentación general: existencia y sentido: mito y persona : el mal y Dios: felicidad y melancolía / Andrés Ortiz-Osés -- Introducción general : del sentido de la vida / Jean Grondin -- Obertura : el sentido hermenéutico de la vida humana / Mauricio Beuchot -- El sentido mitológico de la vida humana / Luis Garagalza -- El sentido filosófico de la vida humana / Mónica Cavallé -- El sentido iniciático de la vida humana / Blanca Solares -- El sentido matricial de la vida humana / Blanca Solares -- El sentido axiológico de la vida humana / Vicente Vide -- El sentido pedagógico de la vida humana / Joan-Carles Mèlich -- El sentido antropológico de la vida humana / Carlos Beorlegui -- El sentido imaginario de la vida humana / Joël Thomas -- El sentido nietzscheano de la vida humana / Andrés Ortiz-Osés -- Interludio: el nuevo contexto global: transmodernidad / Rosa María Rodríguez Magda -- El sentido complicativo de la vida humana / Andrés Ortiz-Osés -- El sentido lingüístico de la vida humana / Andrés Ortiz-Osés -- El sentido ético de la vida humana / Javier Martínez Contreras -- El sentido histórico de la vida humana / Jean Grondin -- El sentido ecológico de la vida humana / Egon Becker -- El sentido biológico de la vida humana / Camilo J / Cela Conde -- El sentido heideggeriano de la vida humana / Andrés Ortiz-Osés -- Apéndice: introducción a la teofísica / Raimon Panikkar -- Obertura: la existencia social / Gilbert Durand -- La existencia gozosa / Xabier Etxeberria -- La existencia odiosa / José Luis Villacorta -- La existencia alterada / Josetxo Beriain -- La existencia santa / Waldo Ross -- La existencia mala / Luis Garagalza -- La estética negativa / Christoph Menke -- La existencia teatral / Manuel Lavaniegos -- La existencia audiovisual / Franz K / Mayr -- Interludio: la existencia ritual (círculo eranos) / Andrés Ortiz-Osés -- La existencia artística / Fernando Bayón -- La existencia memorial / Rossana Cassigoli -- La existencia demoníaca / Juan Luis de León Azcárate -- La existencia sosegada y veloz / Lluís Duch -- La existencia valiosa / Jaime Cuenca -- La existencia gastronómica / Andrés Ortiz-Osés -- La existencia habitada / Hugo Mujica -- La existencia aforística / Andrés Ortiz-Osés -- Apéndice: conciencia de fracaso / Rafael López-Pedraza -- Conclusión general: el sentido de la vida humana / Andrés Ortiz-Osés -- Epílogo: galería de símbolos / Andrés Ortiz-Osés - Autores. |
| 588 0# - SOURCE OF DESCRIPTION NOTE |
| Source of description note |
Online resource; title from ePub and PDF title page (Digitalia, viewed July 15, 2014) |
| 650 #0 - SUBJECT ADDED ENTRY--TOPICAL TERM |
| Topical term or geographic name entry element |
Ontology. |
| 655 #0 - INDEX TERM--GENRE/FORM |
| Genre/form data or focus term |
Electronic books. |
| 700 1# - ADDED ENTRY--PERSONAL NAME |
| Personal name |
Ortiz-Osés, Andrés, |
| Relator term |
editor. |
| 700 1# - ADDED ENTRY--PERSONAL NAME |
| Personal name |
Solares, Blanca, |
| Relator term |
editor. |
| 700 1# - ADDED ENTRY--PERSONAL NAME |
| Personal name |
Garagalza, Luis, |
| Relator term |
editor. |
| 791 2# - |
| -- |
Digitalia (Firm), |
| -- |
distributor. |
| 793 0# - |
| -- |
Digitalia eBook Collection: |
| -- |
Anthropos. |
| 776 08 - ADDITIONAL PHYSICAL FORM ENTRY |
| Relationship information |
Print version: |
| Title |
Claves de la existencia. |
| Place, publisher, and date of publication |
Barcelona : Anthropos, 2011 |
| International Standard Book Number |
9788415260646 |
| Record control number |
(OCoLC)839278081 |
| 830 #0 - SERIES ADDED ENTRY--UNIFORM TITLE |
| Uniform title |
Obras generales. |
| 856 40 - ELECTRONIC LOCATION AND ACCESS |
| Materials specified |
Digitalia Hispánica |
| Uniform Resource Identifier |
<a href="https://www.digitaliapublishing.com/a/25652/">https://www.digitaliapublishing.com/a/25652/</a> |
| 910 ## - USER-OPTION DATA (OCLC) |
| User-option data |
Premium Collection: 2013 |
| 942 ## - ADDED ENTRY ELEMENTS (KOHA) |
| Koha item type |
Recurso Electrónico |